Το τραγούδι ως συμβολική πρακτική : ταυτότητα, κοινωνικό φύλο και κοινότητα στην προφορική ποίηση της ορεινής Νάξου : διδακτορική διατριβή
Αποθηκεύτηκε σε:
| Κύριος συγγραφέας: | |
|---|---|
| Συγγραφή απο Οργανισμό/Αρχή: | |
| Μορφή: | Thesis Βιβλίο |
| Γλώσσα: | Greek |
| Δημοσίευση: |
Μυτιλήνη :
Πανεπιστήμιο Αιγαίου, Τμήμα Κοινωνικής Ανθρωπολογίας,
1997
|
| Θέματα: | |
| Διαθέσιμο Online: | http://hdl.handle.net/11610/10948 |
| Ετικέτες: |
Προσθήκη ετικέτας
Δεν υπάρχουν, Καταχωρήστε ετικέτα πρώτοι!
|
MARC
| LEADER | 00000cam a2200000 i 4500 | ||
|---|---|---|---|
| 001 | 1/33218 | ||
| 008 | 060804s1997 gre d | ||
| 035 | |l 10084888 | ||
| 040 | |a GR-MY-UA |b gre |e aacr | ||
| 041 | 0 | |a gre | |
| 082 | 0 | |a 782 |2 (22) | |
| 100 | 1 | |a Πανόπουλος, Παναγιώτης. | |
| 245 | 1 | 3 | |a Το τραγούδι ως συμβολική πρακτική : |b ταυτότητα, κοινωνικό φύλο και κοινότητα στην προφορική ποίηση της ορεινής Νάξου : διδακτορική διατριβή / |c Πανόπουλος Παναγιώτης |
| 260 | |a Μυτιλήνη : |b Πανεπιστήμιο Αιγαίου, Τμήμα Κοινωνικής Ανθρωπολογίας, |c 1997 | ||
| 300 | |a 350 σ.; |c 30 εκ. | ||
| 502 | |a Διατριβή (διδακτορική) - Πανεπιστήμιο Αιγαίου, Λέσβος, 1997. | ||
| 504 | |a Βιβλιογραφία: σ. 325-350 | ||
| 650 | 0 | |a Music |x Social aspects |z Greece |z Naxos Island. | |
| 650 | 0 | 0 | |a Vocal music |z Greece |z Naxos Island. |
| 650 | 0 | 0 | |a Folk music |z Greece |z Naxos Island. |
| 650 | 0 | 0 | |a Folk songs, Greek |z Greece |z Naxos Island. |
| 650 | 0 | 0 | |a Dissertations, Academic |z Greece. |
| 651 | 0 | |a Naxos Island (Greece) |x Social conditions. | |
| 710 | 2 | |a Πανεπιστήμιο Αιγαίου. |b Σχολή Κοινωνικών Επιστημών. |b Τμήμα Κοινωνικής Ανθρωπολογίας και Ιστορίας. | |
| 852 | |a INST |b LESVOS |c DIATR |e 20060804 |h 131 |p 005100035284 |q 005100035284 |t PHD |y 23 | ||
| 852 | |a INST |b LESVOS |c DIATR |e 20060804 |h 132 |p 005100035282 |q 005100035282 |t PHD |y 23 | ||
| 856 | |u http://hdl.handle.net/11610/10948 | ||
| 901 | |a BIBL1-2006-2 | ||
| 909 | |a Λ |b 104493 | ||
| 909 | |a Λ |b 126372 | ||
| 924 | |a ΠΑΝΟΠΟΥΛΟΣ |b ΠΑΝΑΓΙΩΤΗΣ |y ΛΕΣΒΟΣ |z 2006-08 | ||
| 970 | |a ΜΑΡΙΝΑΤΟΥ |b ΜΥΡΣΙΝΗ |z 2006/08/04 | ||